Ich wett ich kann immer erraten was du denkst - Statistiken

Allgemein
  • Dieses Quiz wurde 353 mal gespielt
  • Das Durchschnittsergebnis liegt bei 7 aus 7
Antwortstatistiken
Denke an… Deine Antwort % Korrekt
…ein Zahl zwischen 1 und 9 69
100%
…einen Kontinent Barcelona
99%
…eine der 3 Hauptfarben (Grün ist keine der Hauptfarben) Blau
99%
…einen Monat, der nach Juli kommt Kein Nuss Novermber
95%
…einen Vokal O
95%
…einen Wochentag Freitag der 13.
94%
…die beste Quiz-Website Jetpunk
93%
Keine übereinstimmenden Quizze gefunden
Verteilung der Resultate
Anzahl Personen mit jedem Resultat
Perzentil nach korrekt beantworteten Fragen
Ihre Resultats-Entwicklung
Sie haben dieses Quiz noch nicht gespielt